[Event "Bad Woerishofen 2017 - Senioren"]
[Site "Bad Woerishofen"]
[Date "2017.03.11"]
[Round "2.41"]
[White "Meinke, Dietlind"]
[Black "Narr, Irmgard"]
[Result "1-0"]
[WhiteElo "1904"]
[BlackElo "1694"]
[Annotator "chessorg"]
[PlyCount "69"]
[EventDate "2017.??.??"]
[WhiteTeam "MTV Leck von 1889"]
[BlackTeam "SC Muehlh.-R.Nuernberg"]

1. e4 e6 2. Nc3 Be7 3. Nf3 a6 4. d4 b5 5. Bd3 Bb7 6. Be3 d6 7. a3 Nd7 8. Ne2 c5
9. c3 Ngf6 10. Ng3 O-O 11. O-O c4 12. Bc2 Re8 13. h3 Nf8 14. Qd2 Qc7 15. Rad1
Red8 16. Qc1 N6d7 17. Rfe1 Ng6 18. Ng5 Nf6 19. f4 Re8 20. Qd2 h6 21. Nf3 Rad8
22. Qf2 Bf8 23. e5 dxe5 24. fxe5 Nd5 25. Bc1 Nde7 26. Nh2 Bc8 27. Rf1 Nd5 28.
Ng4 Qe7 29. Rde1 Rd7 30. Ne4 Red8 31. Kh2 Ra7 32. Nd6 Nh8 33. Qg3 Ng6 34. Nxf7
Kh7 35. Ngxh6 1-0

[Event "Bad Woerishofen 2017 - Senioren"]
[Site "Bad Woerishofen"]
[Date "2017.03.11"]
[Round "2.42"]
[White "Fuchs, Joachim"]
[Black "Schmidt, Ruediger"]
[Result "0-1"]
[WhiteElo "1736"]
[BlackElo "2001"]
[Annotator "chessorg"]
[PlyCount "32"]
[EventDate "2017.??.??"]
[WhiteTeam "SC Starnberg"]

1. d4 d5 2. c4 c6 3. Nf3 Nf6 4. e3 Bf5 5. Nc3 e6 6. Nh4 Bg6 7. Nxg6 hxg6 8.
cxd5 exd5 9. Bd3 Bd6 10. h3 Bc7 11. Bd2 Qd6 12. Qb3 b6 13. Qc2 Nbd7 14. Ne2 c5
15. b3 O-O 16. O-O Qh2# 0-1

[Event "Bad Woerishofen 2017 - Senioren"]
[Site "Bad Woerishofen"]
[Date "2017.03.11"]
[Round "2.43"]
[White "Birkestrand, Odd"]
[Black "Zindel, Ernst"]
[Result "0-1"]
[WhiteElo "1726"]
[BlackElo "1898"]
[Annotator "chessorg"]
[PlyCount "58"]
[EventDate "2017.??.??"]
[WhiteTeam "Norges Sjakkforbund"]
[BlackTeam "Schachklub Zug"]

1. e4 e5 2. Nf3 Nc6 3. Bc4 Nf6 4. Ng5 d5 5. exd5 Na5 6. d3 h6 7. Nf3 Bg4 8. Qe2
Bd6 9. h3 Bh5 10. Nc3 O-O 11. Ne4 Nxc4 12. dxc4 Nxe4 13. Qxe4 f5 14. Qe3 Qe7
15. O-O Rae8 16. Qb3 e4 17. Nd4 Qe5 18. g3 Qxd4 19. Be3 Qf6 20. c5 Be5 21. c3
f4 22. g4 Bxg4 23. hxg4 fxe3 24. fxe3 Qg5 25. d6+ Kh8 26. Rf7 Qxe3+ 27. Kg2
Qe2+ 28. Kg1 Qxg4+ 29. Kf1 Qh5 0-1

[Event "Bad Woerishofen 2017 - Senioren"]
[Site "Bad Woerishofen"]
[Date "2017.03.11"]
[Round "2.44"]
[White "Sand, Rosemarie"]
[Black "Trefzer, Erhard"]
[Result "0-1"]
[WhiteElo "1719"]
[BlackElo "1886"]
[Annotator "chessorg"]
[PlyCount "82"]
[EventDate "2017.??.??"]
[WhiteTeam "Pfullingen"]
[BlackTeam "SV Besigheim"]

1. d4 f5 2. c4 Nf6 3. Nf3 e6 4. g3 Be7 5. Bg2 O-O 6. O-O d6 7. Nc3 Qe8 8. b3
Qh5 9. Bb2 Nc6 10. d5 exd5 11. Nxd5 Nxd5 12. Qxd5+ Kh8 13. a3 Qg6 14. e3 Rb8
15. Rad1 Be6 16. Qd3 Bf6 17. Qc2 a5 18. Nd4 Nxd4 19. Bxd4 b6 20. Bxf6 Qxf6 21.
Bd5 Bd7 22. Bg2 Rbe8 23. Rd4 Re7 24. Qd2 h6 25. h3 Rfe8 26. b4 Re5 27. Rd5 axb4
28. axb4 Be6 29. Rd4 Bf7 30. Rc1 Kh7 31. Bd5 R8e7 32. Bxf7 Qxf7 33. Qc2 g6 34.
Rcd1 Qe8 35. Rd5 Qa8 36. Qb2 Qc6 37. R5d4 Qf3 38. R4d2 g5 39. Qc2 Kg7 40. Rd3
f4 41. exf4 Re1+ 0-1

[Event "Bad Woerishofen 2017 - Senioren"]
[Site "Bad Woerishofen"]
[Date "2017.03.11"]
[Round "2.45"]
[White "Braeu, Ludwig"]
[Black "Hardt, Dieter"]
[Result "1-0"]
[WhiteElo "1878"]
[BlackElo "1733"]
[Annotator "chessorg"]
[PlyCount "77"]
[EventDate "2017.??.??"]
[WhiteTeam "Markt Oberdorf"]
[BlackTeam "SG Konstanz"]

1. c4 e6 2. g3 Nf6 3. Bg2 d5 4. Nf3 dxc4 5. Qa4+ c6 6. Qxc4 b5 7. Qc2 Bb7 8. d4
Bb4+ 9. Bd2 Bxd2+ 10. Nbxd2 Qb6 11. O-O O-O 12. Nb3 Nbd7 13. Rac1 Rac8 14. Nc5
Nxc5 15. dxc5 Qc7 16. Qc3 Nd5 17. Qd4 Rcd8 18. Rfd1 Nf6 19. Qe5 Qe7 20. Nd4 Nd5
21. e4 Qc7 22. Qg5 Ne7 23. Bh3 Bc8 24. b4 h6 25. Qe3 Rfe8 26. Nb3 e5 27. Bxc8
Qxc8 28. Rd6 Rxd6 29. cxd6 Nf5 30. exf5 Qd7 31. Rd1 Qxf5 32. d7 Rd8 33. Nc5 Qc2
34. Qd2 Qf5 35. Kg2 e4 36. Qf4 Qg6 37. Qxe4 Qxe4+ 38. Nxe4 Kf8 39. Nc5 1-0

[Event "Bad Woerishofen 2017 - Senioren"]
[Site "Bad Woerishofen"]
[Date "2017.03.11"]
[Round "2.46"]
[White "Blutharsch, Walter"]
[Black "Erdmann, Wolfgang"]
[Result "1-0"]
[WhiteElo "1869"]
[BlackElo "1725"]
[Annotator "chessorg"]
[PlyCount "95"]
[EventDate "2017.??.??"]
[WhiteTeam "VfL Sindelfingen"]
[BlackTeam "SC Roter Turm Altstadt"]

1. e4 d6 2. d4 g6 3. Bc4 Nf6 4. Nc3 Bg7 5. Nge2 O-O 6. O-O e5 7. dxe5 dxe5 8.
Qe1 Nc6 9. Bg5 Nd4 10. Qd2 c6 11. Rad1 Nxe2+ 12. Qxe2 Qe7 13. Rd2 h6 14. Bh4 g5
15. Bg3 a5 16. a4 Bd7 17. Rfd1 Rfd8 18. f3 Nh5 19. Bf2 Be8 20. g3 Qc7 21. Be3
Nf6 22. Qf2 Rxd2 23. Rxd2 Nd7 24. f4 g4 25. Be2 h5 26. h3 Nf6 27. Bb6 Qe7 28.
Bc5 Qc7 29. Bd6 Qd7 30. fxe5 Nh7 31. Bc4 Rd8 32. Qf4 Kh8 33. hxg4 Qxg4 34. Qxg4
hxg4 35. Rf2 Kg8 36. Rf4 Ng5 37. Rxg4 Bh6 38. Be7 Bd7 39. Bxg5 Bxg4 40. Bxd8
Kf8 41. Bxa5 f5 42. Be6 Kg7 43. Bxf5 Be3+ 44. Kg2 Bh5 45. Bd8 Be8 46. Kf3 Bd4
47. Bf6+ Kf8 48. g4 1-0

[Event "Bad Woerishofen 2017 - Senioren"]
[Site "Bad Woerishofen"]
[Date "2017.03.11"]
[Round "2.47"]
[White "Ehren, Dieter"]
[Black "Stokes, Paul"]
[Result "0-1"]
[WhiteElo "1705"]
[BlackElo "1867"]
[Annotator "chessorg"]
[PlyCount "62"]
[EventDate "2017.??.??"]
[BlackTeam "Battersea"]

1. d4 Nf6 2. Nf3 e6 3. e3 c5 4. c3 b6 5. Bd3 Bb7 6. Nbd2 d5 7. O-O Be7 8. Re1
O-O 9. Ne5 Ne4 10. f3 Nxd2 11. Bxd2 f6 12. Ng4 f5 13. Nf2 Nd7 14. e4 g6 15. e5
Rc8 16. Rc1 Nb8 17. Nh3 Nc6 18. Nf4 Qd7 19. Bb5 a6 20. Bxc6 Bxc6 21. Be3 g5 22.
Nd3 f4 23. Bd2 c4 24. Nf2 Qe8 25. Ng4 Qg6 26. Qc2 Qg7 27. Re2 Be8 28. Rce1 Bg6
29. Qa4 Bd3 30. Nf6+ Kh8 31. Qd7 Bxf6 0-1

[Event "Bad Woerishofen 2017 - Senioren"]
[Site "Bad Woerishofen"]
[Date "2017.03.11"]
[Round "2.48"]
[White "Klimpel, Siegfried"]
[Black "Schnell, Franz"]
[Result "1-0"]
[WhiteElo "1865"]
[BlackElo "1723"]
[Annotator "chessorg"]
[PlyCount "83"]
[EventDate "2017.??.??"]
[WhiteTeam "TSV Kareth - Lappersdorf"]
[BlackTeam "SV Trossingen"]

1. e4 d5 2. exd5 Nf6 3. Bc4 Nxd5 4. Nc3 e6 5. Qf3 c6 6. Nge2 Nd7 7. d4 Be7 8.
Qg3 g6 9. Bh6 Bf6 10. Ne4 Be7 11. Nd6+ Bxd6 12. Qxd6 Qe7 13. Qxe7+ Nxe7 14.
O-O-O Nf5 15. Bf4 O-O 16. h4 Nf6 17. f3 h5 18. Bg5 Nd5 19. Bxd5 cxd5 20. g4
hxg4 21. fxg4 Ng7 22. Bf6 e5 23. Rdg1 e4 24. h5 Kh7 25. hxg6+ Kxg6 26. Be7 Ne6
27. Bxf8 Nxf8 28. Nf4+ Kg7 29. Nxd5 Bd7 30. Ne3 Ne6 31. Nf5+ Kg6 32. Rf1 Kg5
33. Nd6 Nxd4 34. Nxf7+ Kxg4 35. Ne5+ Kg3 36. Nxd7 Ne2+ 37. Kd1 Nd4 38. Rf7 Kg2
39. Rh4 Re8 40. Rg4+ Kh3 41. Nf6 Rh8 42. Rxe4 1-0

[Event "Bad Woerishofen 2017 - Senioren"]
[Site "Bad Woerishofen"]
[Date "2017.03.11"]
[Round "2.49"]
[White "Norman, Dinah"]
[Black "Rueggeberg, Wilhelm"]
[Result "0-1"]
[WhiteElo "1697"]
[BlackElo "1845"]
[Annotator "chessorg"]
[PlyCount "114"]
[EventDate "2017.??.??"]
[BlackTeam "Sfr.Saarburg-Trier"]

1. d4 Nf6 2. Nf3 e6 3. Bg5 d5 4. e3 Be7 5. Bd3 Nbd7 6. Nbd2 c5 7. c3 cxd4 8.
exd4 O-O 9. O-O Nh5 10. Bxe7 Qxe7 11. Re1 Nf4 12. Bf1 Qd6 13. a4 a5 14. g3 Ng6
15. Qe2 b6 16. Ne5 Ba6 17. Qe3 Bxf1 18. Nxf1 Ndxe5 19. dxe5 Qc6 20. f4 Rfc8 21.
Nd2 Qc5 22. Nf3 Qxe3+ 23. Rxe3 Ne7 24. Nd4 Kf8 25. Rd1 Rc4 26. b3 Rc5 27. Rdd3
g6 28. Rf3 Nc8 29. Kf2 Na7 30. Ke2 b5 31. axb5 Nxb5 32. Nxb5 Rxb5 33. c4 dxc4
34. bxc4 Rb2+ 35. Rd2 Rb4 36. Rc3 a4 37. Ra2 Rab8 38. Kd3 Rc8 39. Kd4 Ke7 40.
h4 h5 41. Raa3 Rc6 42. Ra2 Kd7 43. Raa3 Kc7 44. Ra2 Kb6 45. Raa3 Rc7 46. Ra2
Rd7+ 47. Ke3 Kc5 48. Kf3 Rd4 49. g4 Rdxc4 50. Rxc4+ Rxc4 51. gxh5 gxh5 52. Rg2
a3 53. Rg8 Ra4 54. Rc8+ Kb6 55. Rb8+ Kc7 56. Rb1 a2 57. Ra1 Kb6 0-1

[Event "Bad Woerishofen 2017 - Senioren"]
[Site "Bad Woerishofen"]
[Date "2017.03.11"]
[Round "2.50"]
[White "Wulf, Adalbert"]
[Black "Oser, Thor"]
[Result "1-0"]
[WhiteElo "1840"]
[BlackElo "1708"]
[Annotator "chessorg"]
[PlyCount "61"]
[EventDate "2017.??.??"]
[WhiteTeam "SV Ennigerloh-Oelde"]
[BlackTeam "SK 1929 Joehlingen"]

1. d4 d5 2. Nc3 c6 3. Nf3 Nd7 4. e4 dxe4 5. Nxe4 Nb6 6. h3 h6 7. Bd3 e6 8. Bf4
Be7 9. c3 Nf6 10. Qe2 Nxe4 11. Bxe4 Bd6 12. Bd2 Nd5 13. Ne5 Bxe5 14. dxe5 Bd7
15. O-O b5 16. c4 bxc4 17. Qxc4 a5 18. b3 O-O 19. Rad1 Qe7 20. Bb1 f5 21. exf6
Qxf6 22. Qd3 Qf5 23. Qg3 Qf6 24. Qd3 Qf5 25. Qc4 Qf7 26. Bc1 Nf6 27. Bb2 Nd5
28. Rd3 Rfb8 29. Rf3 Qh5 30. Qe4 Nf6 31. Bxf6 1-0

[Event "Bad Woerishofen 2017 - Senioren"]
[Site "Bad Woerishofen"]
[Date "2017.03.11"]
[Round "2.51"]
[White "Wraga, Hermann"]
[Black "Scholz, Herbert"]
[Result "0-1"]
[WhiteElo "1683"]
[BlackElo "1838"]
[Annotator "chessorg"]
[PlyCount "74"]
[EventDate "2017.??.??"]
[WhiteTeam "SG Osnabrueck"]
[BlackTeam "Post SV Neustadt"]

1. e4 d5 2. Nc3 d4 3. Nce2 e5 4. Ng3 Be6 5. Be2 c5 6. Bg4 Qd7 7. Bxe6 Qxe6 8.
d3 Nc6 9. Nf3 f6 10. Bd2 h5 11. h4 g6 12. Nh2 Bd6 13. Qe2 Nge7 14. Nf3 Nb4 15.
Bxb4 cxb4 16. O-O Rc8 17. Rfc1 Kf7 18. Qd2 Kg7 19. Kf1 Rc7 20. Kg1 Rhc8 21. Kf1
a5 22. b3 b5 23. Kg1 a4 24. Kf1 Ra8 25. Kg1 Qc8 26. Ne1 Ra6 27. Kf1 Nc6 28. Kg1
Na5 29. Qd1 Rc3 30. Ne2 Rc7 31. Kf1 Rac6 32. Kg1 f5 33. exf5 Qxf5 34. Ng3 Qf4
35. Nf3 axb3 36. Ne2 Qg4 37. Ng3 b2 0-1

[Event "Bad Woerishofen 2017 - Senioren"]
[Site "Bad Woerishofen"]
[Date "2017.03.11"]
[Round "2.52"]
[White "Harke, Horst"]
[Black "Richter, Stefan"]
[Result "0-1"]
[WhiteElo "1836"]
[BlackElo "1671"]
[Annotator "chessorg"]
[PlyCount "60"]
[EventDate "2017.??.??"]
[WhiteTeam "SK Varel"]
[BlackTeam "Elstertal langenberg"]

1. d4 d5 2. c4 Nf6 3. Nc3 e6 4. e3 Bb4 5. Bd2 O-O 6. Nf3 Bxc3 7. Bxc3 Nc6 8.
Be2 Ne4 9. O-O Nxc3 10. bxc3 Qf6 11. Rc1 g5 12. Ne1 Kh8 13. Bd3 Qh6 14. e4 Ne7
15. Qd2 dxe4 16. Bxe4 f5 17. Bc2 Ng6 18. d5 e5 19. g3 Bd7 20. c5 Rae8 21. c4 f4
22. Bxg6 Qxg6 23. Ng2 Bh3 24. Rfe1 Bxg2 25. Kxg2 f3+ 26. Kh1 Qh5 27. Qb2 Qh3
28. Rg1 Rf6 29. Qb5 c6 30. dxc6 Rh6 0-1

[Event "Bad Woerishofen 2017 - Senioren"]
[Site "Bad Woerishofen"]
[Date "2017.03.11"]
[Round "2.53"]
[White "Wraga, Teresa"]
[Black "Reichwald, Klaus"]
[Result "1/2-1/2"]
[WhiteElo "1667"]
[BlackElo "1834"]
[Annotator "chessorg"]
[PlyCount "33"]
[EventDate "2017.??.??"]
[WhiteTeam "SG Osnabrueck"]
[BlackTeam "SC Lohhof 1950 e.V."]

1. e4 d6 2. Nc3 Nf6 3. g3 g6 4. Bg2 Bg7 5. d3 O-O 6. f4 e5 7. Nf3 Nc6 8. O-O
exf4 9. Bxf4 Nh5 10. Be3 Bg4 11. h3 Bd7 12. g4 Nf6 13. Rb1 Re8 14. Qd2 Be6 15.
Bg5 Qd7 16. Nh2 Nxg4 17. Nxg4 1/2-1/2

[Event "Bad Woerishofen 2017 - Senioren"]
[Site "Bad Woerishofen"]
[Date "2017.03.11"]
[Round "2.54"]
[White "Schwenke, Norbert"]
[Black "Maassen, Hermann"]
[Result "0-1"]
[WhiteElo "1627"]
[BlackElo "1832"]
[Annotator "chessorg"]
[PlyCount "146"]
[EventDate "2017.??.??"]

1. Nc3 e5 2. Nf3 d6 3. e4 Nf6 4. Bc4 h6 5. d4 Nc6 6. Be3 Bg4 7. d5 Ne7 8. h3
Bd7 9. Qe2 a6 10. a3 b5 11. Bd3 Ng6 12. Bd2 Be7 13. Nd1 Nh5 14. g3 Nf6 15. Ne3
Qc8 16. Rc1 Bxh3 17. Ng1 Bd7 18. Ng2 Rb8 19. b4 Bg4 20. f3 Bd7 21. c4 bxc4 22.
Bxc4 Bb5 23. Ne3 Bxc4 24. Qxc4 Rb7 25. Qc6+ Kf8 26. Qxa6 Qb8 27. Qc4 Nd7 28.
Nf5 Qa7 29. Qc3 Bd8 30. Be3 Qa4 31. Qc6 Qb5 32. Ne2 Nb8 33. Qc4 Ne7 34. g4 Nxf5
35. gxf5 Qa4 36. Rc3 Qb5 37. Ng3 Qxc4 38. Rxc4 Nd7 39. Nh5 Bg5 40. f4 exf4 41.
Bxf4 Bxf4 42. Nxf4 Ne5 43. Rc3 Ke7 44. Nh5 Kf8 45. Rg1 Rg8 46. Rcg3 Ra7 47. Ke2
g6 48. Nf6 Rh8 49. fxg6 fxg6 50. Rf1 Ke7 51. Ra1 Kxf6 52. Rf1+ Ke7 53. b5 Rha8
54. Ra1 Ra4 55. Rh3 Rxe4+ 56. Kd2 Rd4+ 57. Kc3 Rc4+ 58. Kb2 h5 59. Re3 Rc5 60.
a4 Rxd5 61. Rc1 Kd7 62. Kb3 Rd3+ 63. Rc3 Rxc3+ 64. Rxc3 h4 65. a5 Rxa5 66. Kb4
Ra8 67. Re3 Rb8 68. Re4 g5 69. Re3 c6 70. Ra3 Rxb5+ 71. Kc3 Rb7 72. Kd4 g4 73.
Ke4 g3 0-1

[Event "Bad Woerishofen 2017 - Senioren"]
[Site "Bad Woerishofen"]
[Date "2017.03.11"]
[Round "2.55"]
[White "Huba, Mark"]
[Black "Thielemann, Joachim"]
[Result "0-1"]
[WhiteElo "1590"]
[BlackElo "1829"]
[Annotator "chessorg"]
[PlyCount "144"]
[EventDate "2017.??.??"]
[WhiteTeam "Kings Head"]
[BlackTeam "SV Eutin"]

1. c4 Nf6 2. g3 g6 3. Bg2 c6 4. Nc3 Bg7 5. d3 O-O 6. e4 d6 7. Nge2 e5 8. O-O a5
9. a3 Nbd7 10. b3 Re8 11. Rb1 Nf8 12. h3 Bd7 13. Bb2 Qc8 14. Kh2 h6 15. f4 Nh5
16. g4 Nxf4 17. Nxf4 exf4 18. Ne2 g5 19. Nd4 Bxd4 20. Bxd4 c5 21. Bc3 Ng6 22.
d4 Qc7 23. d5 b5 24. Re1 Rab8 25. Rb2 a4 26. cxb5 Rxb5 27. b4 Reb8 28. Rbe2
cxb4 29. Bxb4 Ne5 30. Rc2 Qb6 31. Bf1 Rxb4 32. axb4 Qxb4 33. Be2 Qa3 34. Rg1
Rb3 35. Bf1 Nf3+ 36. Kg2 Nxg1 37. Kxg1 Rg3+ 38. Kh2 Qe3 39. Bg2 Qb3 40. Qc1 a3
41. Rc7 Qb2 42. Qxb2 axb2 43. Rb7 h5 44. gxh5 Re3 45. Rxb2 f3 46. Bf1 Rxe4 47.
Bd3 Rd4 48. Rd2 Rh4 49. Bf1 Kg7 50. Kg3 Rf4 51. h4 Rxh4 52. Kxf3 Bg4+ 53. Kg3
Bxh5 54. Bh3 Re4 55. Kf2 Rf4+ 56. Kg3 Rf3+ 57. Kh2 f5 58. Bg2 Re3 59. Kg1 Kf6
60. Kf2 f4 61. Kf1 Ke5 62. Kf2 g4 63. Bf1 g3+ 64. Kg2 Bf3+ 65. Kh3 Bxd5 66. Bg2
Be6+ 67. Kh4 d5 68. Bh3 Bxh3 69. Kxh3 Ke4 70. Kg2 d4 71. Kf1 d3 72. Rd1 Re2 0-1

[Event "Bad Woerishofen 2017 - Senioren"]
[Site "Bad Woerishofen"]
[Date "2017.03.11"]
[Round "2.56"]
[White "Flockerzi, Armin"]
[Black "Lachat, Martin"]
[Result "0-1"]
[WhiteElo "1822"]
[BlackElo "1642"]
[Annotator "chessorg"]
[PlyCount "110"]
[EventDate "2017.??.??"]
[WhiteTeam "VfR-SC Koblenz"]
[BlackTeam "ASK Réti Zuerich"]

1. Nf3 f5 2. e3 g6 3. d4 Nf6 4. c4 Bg7 5. Nbd2 O-O 6. b3 d6 7. Bb2 c6 8. Qc2
Nbd7 9. Ng5 Nb6 10. Be2 Re8 11. f4 Qc7 12. c5 Nbd5 13. Bc4 e6 14. Bxd5 exd5 15.
Qd3 Bd7 16. O-O Rad8 17. b4 Be6 18. a3 Ne4 19. Ndxe4 dxe4 20. Qc2 d5 21. Bc3
Bc8 22. Rac1 h6 23. Nh3 Qe7 24. Qf2 Bf6 25. Be1 Kg7 26. g3 Rh8 27. Qg2 Rdf8 28.
Kf2 Kf7 29. Ke2 Ke8 30. Nf2 Kd8 31. h3 b6 32. Kd1 Ba6 33. Rg1 bxc5 34. Rxc5 Qb7
35. Nh1 Be7 36. Rc3 Bb5 37. Qc2 Qa6 38. Qc1 Kd7 39. Nf2 Rhg8 40. h4 Re8 41. Kd2
Bf6 42. Nd1 Qb6 43. Bf2 a5 44. Qb1 Be7 45. Rb3 Bc4 46. Rb2 axb4 47. axb4 Rb8
48. Be1 Bd3 49. Qc1 Bxb4+ 50. Nc3 Bxc3+ 51. Qxc3 Qxb2+ 52. Qxb2 Rxb2+ 53. Kc1
Rb1+ 54. Kd2 Ra8 55. Bf2 Ra2+ 0-1

[Event "Bad Woerishofen 2017 - Senioren"]
[Site "Bad Woerishofen"]
[Date "2017.03.11"]
[Round "2.57"]
[White "Traversi, Carlo"]
[Black "Dallmeier, Gerhard"]
[Result "0-1"]
[WhiteElo "1582"]
[BlackElo "1819"]
[Annotator "chessorg"]
[PlyCount "50"]
[EventDate "2017.??.??"]
[BlackTeam "SK Roland Weißenfels"]

1. g3 g6 2. Bg2 Bg7 3. Nf3 Nf6 4. d4 d6 5. O-O O-O 6. c4 Nbd7 7. Nc3 c6 8. Bg5
Nh5 9. Be3 e5 10. dxe5 dxe5 11. Qc1 f5 12. Bh6 Nhf6 13. Bxg7 Kxg7 14. Rd1 Qe7
15. Qd2 Ne8 16. a3 a5 17. e3 h6 18. Rab1 Rf6 19. Qe2 Rd6 20. Rxd6 Qxd6 21. Rd1
Qf6 22. Qd2 e4 23. Nd4 Ne5 24. Bf1 c5 25. Ndb5 Nf3+ 0-1

[Event "Bad Woerishofen 2017 - Senioren"]
[Site "Bad Woerishofen"]
[Date "2017.03.11"]
[Round "2.58"]
[White "Wenske, Hardy"]
[Black "Schulz, Franz"]
[Result "1/2-1/2"]
[WhiteElo "1814"]
[BlackElo "1629"]
[Annotator "chessorg"]
[PlyCount "85"]
[EventDate "2017.??.??"]
[WhiteTeam "Kieler SG von 1884"]
[BlackTeam "SV Ebersbach"]

1. Nf3 Nf6 2. d4 e6 3. e3 d5 4. Bd3 b6 5. Nbd2 Ba6 6. Qe2 Bxd3 7. Qxd3 c5 8. c3
Nbd7 9. O-O Be7 10. Re1 O-O 11. e4 dxe4 12. Nxe4 cxd4 13. Qxd4 h6 14. Nxf6+
Bxf6 15. Qg4 Kh7 16. Be3 Qe7 17. Bd4 Rac8 18. Rad1 Rc7 19. Qe4+ Kg8 20. Qe2 Rd8
21. Rd2 Nb8 22. Red1 Rcd7 23. Be3 Rxd2 24. Rxd2 Rxd2 25. Qxd2 Kf8 26. h3 Ke8
27. Qd3 Nd7 28. Qa6 Nb8 29. Qc8+ Qd8 30. Qxd8+ Kxd8 31. Bd4 Ke7 32. Kf1 Nc6 33.
Bxf6+ Kxf6 34. Ke2 Ne5 35. Nd4 a6 36. b3 Ke7 37. a4 Kd6 38. f4 Nc6 39. Ke3 f5
40. Nxc6 Kxc6 41. Kd4 Kd6 42. b4 g5 43. g3 1/2-1/2

[Event "Bad Woerishofen 2017 - Senioren"]
[Site "Bad Woerishofen"]
[Date "2017.03.11"]
[Round "2.59"]
[White "Buss, Richard"]
[Black "Kumeth, Hartmut"]
[Result "1/2-1/2"]
[WhiteElo "1575"]
[BlackElo "1813"]
[Annotator "chessorg"]
[PlyCount "56"]
[EventDate "2017.??.??"]
[WhiteTeam "VfR Heisfelde e.V."]
[BlackTeam "SK Union Oldenburg"]

1. Nf3 d5 2. e4 dxe4 3. Ng5 e3 4. fxe3 Nf6 5. h3 h6 6. Nf3 Qd6 7. d3 Qg3+ 8.
Ke2 e6 9. Bd2 Be7 10. Be1 Qd6 11. Nc3 a6 12. a4 O-O 13. e4 Nc6 14. Bf2 Qd8 15.
Qd2 e5 16. g4 Nh7 17. Nd5 f6 18. Nxe7+ Qxe7 19. c3 Be6 20. b4 Rad8 21. Bc5 Qd7
22. Bxf8 Nxf8 23. Qc2 Ng6 24. Rd1 Qf7 25. Rb1 Rd6 26. Kf2 Qd7 27. Kg3 Nf4 28.
Ne1 g5 1/2-1/2

[Event "Bad Woerishofen 2017 - Senioren"]
[Site "Bad Woerishofen"]
[Date "2017.03.11"]
[Round "2.60"]
[White "Zwetz, Anita"]
[Black "Gepting, Konrad"]
[Result "1-0"]
[WhiteElo "1813"]
[BlackElo "1606"]
[Annotator "chessorg"]
[PlyCount "101"]
[EventDate "2017.??.??"]
[WhiteTeam "TSV Kareth-Lappersdorf"]
[BlackTeam "SK Marktoberdorf"]

1. d4 d5 2. Bg5 h6 3. Bf4 Nf6 4. Nf3 Bf5 5. e3 e6 6. Bd3 Bh7 7. Bxh7 Nxh7 8.
Nbd2 Nc6 9. Ne5 Nf6 10. Nxc6 bxc6 11. Be5 Nd7 12. Nf3 c5 13. c3 Rb8 14. Qc2 Nb6
15. dxc5 Nd7 16. b4 f6 17. Qg6+ Ke7 18. Bg3 Qe8 19. Qxe8+ Kxe8 20. Bxc7 Rc8 21.
Bg3 a5 22. O-O g5 23. Nd4 Kf7 24. Rfc1 h5 25. f3 h4 26. Bf2 Ne5 27. a4 Nd3 28.
Rcb1 h3 29. g4 Nxf2 30. Kxf2 Be7 31. Ke2 Bd8 32. Nb5 Kg6 33. Kd3 Be7 34. Nd4
Kf7 35. Rb2 Rc7 36. Nb3 axb4 37. cxb4 Rb8 38. b5 f5 39. c6 Bf6 40. Rab1 Bxb2
41. Rxb2 Kf6 42. Nc5 Ra8 43. Nd7+ Ke7 44. Nb6 Ra5 45. gxf5 Kd6 46. fxe6 Kxe6
47. Kd4 Rf7 48. Rb4 Raa7 49. Nxd5 Rf5 50. e4 Rxf3 51. b6 1-0

[Event "Bad Woerishofen 2017 - Senioren"]
[Site "Bad Woerishofen"]
[Date "2017.03.11"]
[Round "2.61"]
[White "Niedermaier, Peter"]
[Black "Chochoy, Patrick"]
[Result "1-0"]
[WhiteElo "1808"]
[BlackElo "1582"]
[Annotator "chessorg"]
[PlyCount "69"]
[EventDate "2017.??.??"]
[WhiteTeam "SU Ebersberg-Grafing"]
[BlackTeam "Echiquier de Franconville"]

1. e4 c5 2. Nf3 d6 3. d4 cxd4 4. Nxd4 Nf6 5. Nc3 a6 6. Bg5 e6 7. Be2 Be7 8. Qd2
h6 9. Bh4 O-O 10. O-O-O b5 11. a3 Bb7 12. f3 Nbd7 13. Bf2 Rc8 14. g4 Ne5 15. h4
Nfd7 16. g5 hxg5 17. hxg5 Ng6 18. Rdg1 Qa5 19. Nb3 Qc7 20. Be3 d5 21. exd5 exd5
22. Nd4 Qa5 23. Nb3 Qc7 24. Rg4 Bxa3 25. Nxb5 axb5 26. bxa3 Rfe8 27. Bd3 Nge5
28. Bh7+ Kh8 29. Bf4 Qc3 30. Qxc3 Rxc3 31. Bf5+ Kg8 32. Rgh4 Kf8 33. Bxd7 Nd3+
34. Kd2 Nxf4 35. Kxc3 1-0

[Event "Bad Woerishofen 2017 - Senioren"]
[Site "Bad Woerishofen"]
[Date "2017.03.11"]
[Round "2.62"]
[White "Weber, Gerhard"]
[Black "Kirchhof, Manfred"]
[Result "1-0"]
[WhiteElo "1773"]
[BlackElo "1530"]
[Annotator "chessorg"]
[PlyCount "91"]
[EventDate "2017.??.??"]
[WhiteTeam "SC Bayer Leverkusen e.V."]
[BlackTeam "SC Unterhaching e.V."]

1. e4 e6 2. d4 d5 3. Nc3 a6 4. Nf3 c5 5. exd5 cxd4 6. Qxd4 exd5 7. Qxd5 Qe7+ 8.
Be3 Nf6 9. Qd2 Nc6 10. O-O-O Be6 11. Bb6 Qb4 12. Be3 Rd8 13. Bd3 Bc5 14. Bxc5
Qxc5 15. Rhe1 O-O 16. Qe3 Qxe3+ 17. Rxe3 Nb4 18. a3 Nxd3+ 19. Rexd3 Rxd3 20.
Rxd3 Re8 21. h3 h6 22. Re3 Kf8 23. Nd4 Bd7 24. Rxe8+ Nxe8 25. Kd2 Nd6 26. b3 g6
27. Ke3 f5 28. Nd5 Kf7 29. c4 g5 30. Nf3 f4+ 31. Kd4 Ke6 32. Nc7+ Ke7 33. Ne5
Be8 34. Nxe8 Kxe8 35. Nd3 Kd7 36. b4 Nf5+ 37. Ke5 Nh4 38. Ne1 Ng6+ 39. Kf6 Nf8
40. Kg7 Ne6+ 41. Kxh6 Kc6 42. g3 b6 43. Nd3 Kd6 44. gxf4 gxf4 45. Kg6 a5 46. h4
1-0

[Event "Bad Woerishofen 2017 - Senioren"]
[Site "Bad Woerishofen"]
[Date "2017.03.11"]
[Round "2.63"]
[White "Thonig, Manfred"]
[Black "Rothenhagen, Siegfried"]
[Result "0-1"]
[WhiteElo "1544"]
[BlackElo "1770"]
[Annotator "chessorg"]
[PlyCount "114"]
[EventDate "2017.??.??"]
[WhiteTeam "SK Großweil"]
[BlackTeam "SF Windach"]

1. e4 d5 2. exd5 Qxd5 3. Nc3 Qd8 4. d4 Nf6 5. Nf3 Bg4 6. h3 Bxf3 7. Qxf3 c6 8.
Qd3 e6 9. Bg5 Be7 10. Be2 Nbd7 11. a3 O-O 12. O-O h6 13. Bd2 Nb6 14. b4 Qd7 15.
Rad1 Rad8 16. Bc1 Nbd5 17. Nxd5 cxd5 18. c3 Rc8 19. f4 Ne4 20. Bb2 Qc6 21. b5
Qc7 22. Rc1 Nd6 23. Rf3 Nc4 24. Qc2 Nxa3 25. Bxa3 Bxa3 26. Ra1 Bd6 27. g3 Qb6
28. Qd3 Rc7 29. Rc1 Rfc8 30. Bd1 Bb4 31. Qd2 Ba5 32. Kg2 Qxb5 33. Be2 Qc6 34.
Qb2 a6 35. h4 b5 36. g4 Bb6 37. Rd1 Ba5 38. Rc1 b4 39. Qa2 Bb6 40. Qxa6 Bxd4
41. Qxc6 Rxc6 42. c4 dxc4 43. f5 e5 44. Rg3 b3 45. g5 hxg5 46. hxg5 b2 47. Rh1
Kf8 48. Rgh3 Ke7 49. f6+ gxf6 50. g6 Rg8 51. Bf3 Rxg6+ 52. Kh2 Rb6 53. Be4 Rg5
54. Rh7 Rd6 55. Bb1 Be3 56. Ba2 Bf4+ 57. Kh3 Rd3+ 0-1

[Event "Bad Woerishofen 2017 - Senioren"]
[Site "Bad Woerishofen"]
[Date "2017.03.11"]
[Round "2.64"]
[White "Auterhoff, Juergen"]
[Black "Walther, Renate"]
[Result "1-0"]
[WhiteElo "1749"]
[BlackElo "1196"]
[Annotator "chessorg"]
[PlyCount "41"]
[EventDate "2017.??.??"]
[WhiteTeam "SC Pasing von 1948 e.V."]
[BlackTeam "SK 1911 Herzogenaurach"]

1. e4 e5 2. Nf3 d5 3. exd5 Bd6 4. Bb5+ Bd7 5. Bxd7+ Nxd7 6. Nc3 Ngf6 7. d3 O-O
8. O-O Re8 9. Re1 c6 10. dxc6 bxc6 11. Bg5 Qc7 12. Ne4 Nxe4 13. dxe4 f6 14. Be3
c5 15. Qd5+ Kh8 16. Rad1 Nb6 17. Qxd6 Rac8 18. Qxc7 Rxc7 19. b3 Nd7 20. Rd5 a6
21. Red1 1-0